000 01006nam a2200229 a 4500
001 22560
003 CO-ViMGA
008 141112s2004 ck r 000 u spa d
040 _aCO-ViMGA
_bspa
_cCO-ViMGA
082 0 4 _a748.502 L663d
100 1 _aLopez Santacruz, Maria Victoria
_932060
245 1 0 _aDecoración de vidrio :
_bProyectos paso a paso para decorar su hogar
260 _aBarcelona :
_bParramón,
_c2001
300 _a80
490 _aManos creativas
505 _aProcedimientos y materiales : Limpieza, cortar vidrio, aplicacion de pinturas y relieves 6 - 14 - - Proyectos : Colgantes de vidrio, copa de vidrio, tarro de cocina, posavasos, portafotos, portavelas, portacartas, larron envelecido 19 - 76
590 _aForma de adquisición : Compra - - Precio : 78000 - - Proveedor : Dismet - - Fecha de adquisición : 2008
650 1 4 _aDECORACIóN EN VIDRIO
_932061
650 1 4 _aPINTURA SOBRE VIDRIO
_932062
650 1 4 _aPINTURA SOBRE VIDRIO - TECNICÁS
_932063
942 _2ddc
_cBK
999 _c30861
_d30861